000 00522cam a2200181 4500
001 5567
005 20181127175758.0
008 980302s1998 cau b 001 0 eng
010 _a 98015913
020 _a9789993675617
100 0 _aWangdi, Phub.
_c
245 1 4 _aOur life :
_bwaste not regret not! /
_cPhub Wangdi.
260 _a[Thimphu] :
_bPhub Wangdi,
_c2016.
300 _a70 p. ;
_c24 cm.
504 _aIncludes bibliographical references and index.
650 0 _aBuddhism
_xDoctrines.
650 0 _aFour Noble Truths.
999 _c4688
_d4688